Loading...
| Fine Arts - Classical Music | 4 | 5.00 | 50% | 0% | 0% |
| Fine Arts - Other | 2 | 10.00 | 100% | 0% | 0% |
| Fine Arts - Painting and Sculpture | 6 | 6.67 | 67% | 0% | 0% |
| Geography | 1 | 10.00 | 100% | 0% | 0% |
| History - American | 4 | 20.00 | 100% | 75% | 25% |
| History - European | 2 | 10.00 | 100% | 0% | 0% |
| History - Other | 3 | 16.67 | 100% | 33% | 33% |
| History - World | 2 | 10.00 | 100% | 0% | 0% |
| Literature - American | 6 | 15.00 | 100% | 17% | 33% |
| Literature - British | 3 | 10.00 | 100% | 0% | 0% |
| Literature - European | 5 | 14.00 | 100% | 40% | 0% |
| Literature - World | 2 | 5.00 | 50% | 0% | 0% |
| Mythology | 4 | 7.50 | 50% | 25% | 0% |
| Philosophy | 3 | 3.33 | 33% | 0% | 0% |
| Pop Culture | 2 | 15.00 | 100% | 50% | 0% |
| Religion | 9 | 6.67 | 56% | 0% | 11% |
| Science - Biology | 4 | 5.00 | 50% | 0% | 0% |
| Science - Chemistry | 4 | 5.00 | 50% | 0% | 0% |
| Science - Other | 4 | 5.00 | 50% | 0% | 0% |
| Science - Physics | 8 | 8.75 | 88% | 0% | 0% |
| Social Science | 4 | 10.00 | 100% | 0% | 0% |